• 首页
  • 本馆介绍
  • 公告通知
  • 最新文献
  • 馆藏检索
  • 电子资源
  • 读者导购
  • 参考咨询
  • 我的图书馆
  • 登录
  • 详细信息显示
  • 放入我的书架
  • 预约/预借图书
  • 作者相关作品
  • 分类相关作品
  • 丛书相关作品
  • 出版社相关作品

书目信息

  • 表格格式
  • 工作单格式
  • 卡片格式
题名:
创造进化论
    
 
作者: 柏格森 著 ;姜志辉 译
分册:  
出版信息: 北京   商务印书馆  2004
页数: 305页
开本: 21cm
丛书名:
单 册:
中图分类: B565.51
科图分类:
主题词: 生命哲学--法国--现代 , 哲学--欧洲
电子资源:
ISBN: 7-100-03773-5
000 01003nam0 2200265 450
001 TS2006043052
005 20061208081606.76
010    @a7-100-03773-5@dCNY17.00
100    @a20060829d2004 em y0chiy0120 ea
101 1  @achi@cfre
102    @aCN@b110000
105    @ay z 000yy
200 1  @a创造进化论@AChuang Zao Jin Hua Lun@dL'evolution Creatrice@f(法)亨利·柏格森(Henri Bergson)著@F( Fa ) Heng Li· Bai Ge Sen (Henri Bergson) Zhu@g姜志辉译@zfre
210    @a北京@c商务印书馆@d2004
215    @a305页@d21cm
305    @a据法国大学出版社1991年第五版译出
330    @a本书主要介绍了论生命的进化;生命进化的不同方向;论生命的意义;思想的电影放映机制和机械论的错觉对各种哲学体系的回顾等。
510 1  @aL'evolution Creatrice@zfre
606 0  @a生命哲学@y法国@z现代
606 0  @a哲学@x欧洲
690    @aB565.51@v4
701  0 @a柏格森@ABai Ge Sen@b亨利@g(Bergson,Henri@f1859~1941)@4著
702  0 @a姜志辉@AJiang Zhi Hui@4译
801  0 @aCN@b中图数据@c20061208
905    @a10447@dB565.51@e42
    
    创造进化论=L'evolution Creatrice/(法)亨利·柏格森(Henri Bergson)著/姜志辉译.-北京:商务印书馆,2004
    305页;21cm
    
    
    ISBN 7-100-03773-5:CNY17.00
    本书主要介绍了论生命的进化;生命进化的不同方向;论生命的意义;思想的电影放映机制和机械论的错觉对各种哲学体系的回顾等。
●
相关链接 在E读中查询图书 在五车中查询图书 在当当中查询图书 在豆瓣中查询图书


正题名:创造进化论     索取号:B565.51/42         预约/预借

序号 登录号 条形码 馆藏地/架位号 状态 备注
1 0615843   206158432   第一样本阅览室/ [索取号:B565.51/42] 在馆    
2 0615844   206158441   第一借阅区/ [索取号:B565.51/42] 在馆    
3 0615845   206158450   第一借阅区/ [索取号:B565.51/42] 在馆    
4 0615846   206158469   第一借阅区/ [索取号:B565.51/42] 在馆    
5 0615847   206158478   第一借阅区/ [索取号:B565.51/42] 在馆    
唐山师范学院图书馆 欢迎您!
大连网信软件有限公司© 版权所有